| 000 | 00802nam a2200241Ia 4500 | ||
|---|---|---|---|
| 008 | 191130s2004##################000#0#eng## | ||
| 020 | _a9780826477019 | ||
| 022 | _a2006287002 | ||
| 040 |
_aACL _cACL |
||
| 082 | _a230.2 SCH | ||
| 100 | _aSchillebeeckx, Edward | ||
| 245 |
_aGod is new each moment _cEdward Schillebeeckx ; in conversation with Huub Oosterhuis and Piet Hoogeveen ; translated by David Smith |
||
| 260 |
_aNew York _bContinuum _c2004 |
||
| 300 | _a133 p. : ill. ; 20 cm | ||
| 500 | _aIncludes bibliographical references | ||
| 650 | _aCatholic Church - Doctrines - Miscellanea | ||
| 650 | _aSchillebeeckx, Edward, 1914-2009 | ||
| 700 | _aHoogeveen, Piet | ||
| 700 | _aOosterhuis, Huub | ||
| 990 | _abd7e824dac10000c0f616f32ae0b575e | ||
| 991 | _a434199 | ||
| 999 |
_c196120 _d196120 |
||